| 000 | 00533cam a22001697a 4500 | ||
|---|---|---|---|
| 008 | 180718b2001 xxu||||| |||| 00| 0 eng d | ||
| 020 | _a8122006019 | ||
| 082 | _aB2 P192 | ||
| 245 |
_aPolitical reforms: asserting civic sovereignty _cedited by V.A. Pai Panandiker and Subhash C. Kashyap |
||
| 260 |
_aNew Delhi _bKonark _c2001 |
||
| 300 | _a362p. | ||
| 650 | _aPolitical parties - India. | ||
| 650 | _aCitizenship - India | ||
| 650 | _aPolitical science - India | ||
| 700 | _aKashyap, Subhash C. | ||
| 700 | _aPai Panandiker, V.A. | ||
| 999 |
_c396263 _d396263 |
||